Youth and the crisis : unemployment, education and health in Europe /

The recent recession has led to an ongoing crisis in the youth labour market in Europe. This timely book deals with a number of areas related to the context, choices and experiences of young people, the consequences of which resonate throughout their lives.

Bibliographic Details
Corporate Author: Taylor & Francis
Other Authors: Coppola, Gianluigi (Editor), O'Higgins, Niall (Editor)
Format: eBook
Language:English
Language Notes:English.
Published: Abingdon, Oxon ; New York, NY : Routledge, 2016.
Series:Routledge studies in labour economics ; 1.
Subjects:
Online Access:Connect to the full text of this electronic book

MARC

Tag First Indicator Second Indicator Subfields
LEADER 00000cam a2200000 i 4500
001 in00004769293
006 m o d
007 cr |||||||||||
008 150629s2016 enkab o 000 0 eng
005 20240130225758.8
010 |a  2020719768 
035 |a (OCoLC)on1346358771 
040 |a DLC  |b eng  |e pn  |e rda  |c DLC  |d OCLCF  |d N$T  |d YDXCP  |d NLE  |d TYFRS  |d UAB  |d ORE  |d S4S  |d VT2  |d U3W  |d BUF  |d UPM  |d WYU  |d LVT  |d D6H  |d AU@  |d K6U  |d W4K  |d KZA  |d SFB  |d YDX  |d OCLCO  |d OCLCL 
019 |a 933433282  |a 933449907  |a 958109213  |a 982228536  |a 1005824881  |a 1048178062  |a 1050973864  |a 1066676106  |a 1084375631  |a 1152978984  |a 1224922847  |a 1235838255  |a 1253410885  |a 1262690429  |a 1289898650  |a 1373105674  |a 1378757835  |a 1380481357  |a 1391456135  |a 1398102819 
020 |a 9781315708997  |q ebook 
020 |a 131570899X 
020 |z 9781138897779  |q hardback 
020 |a 9781317484561  |q (electronic bk.) 
020 |a 1317484568  |q (electronic bk.) 
020 |a 9781317484578 
020 |a 1317484576 
020 |a 9781317484554 
020 |a 131748455X 
020 |z 1138897779 
024 7 |a 10.4324/9781315708997  |2 doi 
035 |a (OCoLC)1346358771  |z (OCoLC)933433282  |z (OCoLC)933449907  |z (OCoLC)958109213  |z (OCoLC)982228536  |z (OCoLC)1005824881  |z (OCoLC)1048178062  |z (OCoLC)1050973864  |z (OCoLC)1066676106  |z (OCoLC)1084375631  |z (OCoLC)1152978984  |z (OCoLC)1224922847  |z (OCoLC)1235838255  |z (OCoLC)1253410885  |z (OCoLC)1262690429  |z (OCoLC)1289898650  |z (OCoLC)1373105674  |z (OCoLC)1378757835  |z (OCoLC)1380481357  |z (OCoLC)1391456135  |z (OCoLC)1398102819 
037 |a 4219154  |b Proquest Ebook Central 
043 |a e------ 
050 0 0 |a HD6276.E82 
072 7 |a BUS  |x 038000  |2 bisacsh 
072 7 |a POL  |x 013000  |2 bisacsh 
082 0 0 |a 331.3/4094  |2 23 
049 |a TXAM 
245 0 0 |a Youth and the crisis :  |b unemployment, education and health in Europe /  |c edited by Gianluigi Coppola and Niall O'Higgins. 
264 1 |a Abingdon, Oxon ;  |a New York, NY :  |b Routledge,  |c 2016. 
300 |a 1 electronic resource (xii, 293 pages ) 
336 |a text  |b txt  |2 rdacontent 
337 |a computer  |b c  |2 rdamedia 
338 |a online resource  |b cr  |2 rdacarrier 
490 1 |a Routledge studies in labour economics ;  |v 1 
540 |a Creative Commons Attribution-NonCommercial-NoDerivatives 4.0 International  |u https://creativecommons.org/licenses/by-nc-nd/4.0/legalcode 
588 |a Description based on print version record; resource not viewed. 
504 |a Includes bibliographical references and index. 
505 0 |a pt. 1. Education and training : choices and outcomes -- pt. 2. Short-term choices with long-term consequences : health, leaving home and intergenerational mobility -- pt. 3. Youth labour markets, NEET and the crisis. 
520 |a The recent recession has led to an ongoing crisis in the youth labour market in Europe. This timely book deals with a number of areas related to the context, choices and experiences of young people, the consequences of which resonate throughout their lives. 
546 |a English. 
650 0 |a Labor market  |z Europe. 
650 0 |a Manpower policy  |z Europe. 
650 0 |a Unemployment  |z Europe. 
650 0 |a Youth  |x Employment  |z Europe. 
651 0 |a Europe  |x Economic conditions. 
650 6 |a Jeunesse  |x Travail  |z Europe. 
650 6 |a Marché du travail  |z Europe. 
650 6 |a Emploi  |x Politique gouvernementale  |z Europe. 
651 6 |a Europe  |x Conditions économiques. 
650 7 |a BUSINESS & ECONOMICS  |x Labor.  |2 bisacsh 
650 7 |a POLITICAL SCIENCE  |x Labor & Industrial Relations.  |2 bisacsh 
650 7 |a Economic history  |2 fast 
650 7 |a Labor market  |2 fast 
650 7 |a Manpower policy  |2 fast 
650 7 |a Unemployment  |2 fast 
650 7 |a Youth  |x Employment  |2 fast 
651 7 |a Europe  |2 fast  |1 https://id.oclc.org/worldcat/entity/E39PBJxCxPbbk4CPJDQJb4r6rq 
653 |a Economics 
653 |a Finance 
653 |a Adolescence 
653 |a Italy 
653 |a Labour economics 
653 |a Monopsony 
653 |a Probability 
653 |a Unemployment 
653 |a Youth 
655 7 |a Electronic books.  |2 local 
700 1 |a Coppola, Gianluigi,  |e editor. 
700 1 |a O'Higgins, Niall,  |e editor. 
710 2 |a Taylor & Francis. 
776 0 8 |i Print version:  |t Youth and the crisis  |d Abingdon, Oxon ; Routledge, 2016.  |z 9781138897779 (hardback)  |w (DLC) 
830 0 |a Routledge studies in labour economics ;  |v 1. 
856 4 0 |u https://www.taylorfrancis.com/books/9781315708997  |z Connect to the full text of this electronic book  |t 0 
955 |a Taylor & Francis Open Access ebooks 
994 |a 92  |b TXA 
999 f f |s 0e0af74e-a701-4dfa-93a9-3c986b2cec9c  |i 3388ff19-db5d-4888-9e8e-04699fd80574  |t 0 
952 f f |a Texas A&M University  |b College Station  |c Electronic Resources  |d Available Online  |t 0  |e HD6276.E82   |h Library of Congress classification 
998 f f |a HD6276.E82   |t 0  |l Available Online